Saved in:
书目详细资料
格式: 图书
语言:英语
标签: 添加标签
没有标签, 成为第一个标记此记录!

MARC

LEADER 00000nam a22000007a 4500
003 INP
005 20250928063359.0
008 250928b |||||||| |||| 001 0 eng d
040 |a EG-INP  |c EG-INP 
082 |2 21 
942 |2 ddc 
999 |c 19025  |d 19025